000 00780nam a22002051 4500
001 130484
003 ES-MaACL
005 20230906193744.0
007 t|
008 070730s1914 sp ||||0| spa d
016 7 _zIND9900852483
040 _aM-BN
_bspa
_cCDM
100 1 _aSotilla y Ochotorena, Antonio de la.
_9107470
245 1 0 _aElectroquímica
_b: instalación, métodos, aparatos y trabajos que se efectuan /
_cpor Antonio de la Sotilla y Ochotorena, esquemas y fotografías originales.
260 _aBarcelona :
_bEduardo Navas,
_c1914.
300 _a3 h., 48 p., 8 h. de lám ;
_c23 cm.
500 _aPrecde al tít.: Escuela de Viticultura y Enología de Reus.
710 2 _aEscuela de Viticultura y Enología de Reus.
_93562
852 _aES-MaACL
_jT-1432-F-5
999 _c130484
_d130484